| 000 | 02857aam a2200385 i 4500 | ||
|---|---|---|---|
| 001 | 768714001 | ||
| 003 | CO-MdFUSB | ||
| 005 | 20240507153424.0 | ||
| 007 | cr aa uaaaa | ||
| 008 | 240416t2011 sp |||| |||| 00| 0 spa d | ||
| 020 |
_a9788433022899 _q[electrónico] |
||
| 040 |
_cCO-MdFUSB _aCO-MdFUSB _bspa _dCO-MdFUSBC _erda |
||
| 041 | 0 | _aspa | |
| 082 | 0 | 4 |
_a223.2 _223 _bA639s |
| 100 | 1 |
_aAparicio, Ángel _eautor |
|
| 245 | 1 | 0 |
_aSalmos 107 - 150 _c/ Ángel Aparicio _h[electrónico] |
| 264 | 1 |
_bDesclée de Brouwer, _aBilbao, España : _c[2011] |
|
| 264 | 4 | _c©2011 | |
| 300 |
_a391 páginas _c; |
||
| 336 |
_2rdacontent _atexto _btxt |
||
| 337 |
_2rdamedia _ainformático _bc |
||
| 338 |
_2rdacarrier _aremoto _bcr |
||
| 490 | _a Comentarios a la nueva Biblia de Jerusalén, | ||
| 505 | _aDios salva al hombre de todo peligro. -- Himno matinal y súplica nacional. -- Salmo imprecatorio. -- El sacerdocio del mesías. -- Elogio de las obras divinas. -- Elogio del justo. -- Al Dios de gloria y de piedad. -- Himno pascual. -- El único Dios verdadero. -- Elogio de la ley divina. -- Invitación a la alabanza. -- Elogio de las obras divinas. -- Los enemigos de la paz. -- El guardián de Israel. -- Saludo a Jerusalén. -- Oración de los afligidos. -- El salvador de Israel. -- Dios protege a los suyos. -- Canto de regreso. -- Abandono en la providencia. -- Bendición del justo. -- Contra los enemigos de Sión. --De profundis. -- Con espíritu de infancia. -- En el aniversario del traslado. -- La unión fraterna. -- Para la fiesta nocturna. -- Himno de laudes. -- Letanía de acción de gracias. -- Balada del desterrado. -- Himno de acción de gracias. -- Homenaje a aquel que lo sabe todo. -- Contra los malvados. -- Contra la seducción del mal. -- Oración de un perseguido. -- Súplica humilde. -- Elogio de la ley divina. -- Alabanza al rey Yahvé. -- Himno al Dios temible. -- Himno al todopoderoso. -- Alabanza de la creación. -- Himno triunfal. -- Doxología final. | ||
| 506 | _aSolicitar clave y usuario para acceder al libro electrónico. | ||
| 520 | _aLa editorial Desclée de Brouwer presenta esta serie de comentarios a la Nueva Biblia de Jerusalén, con la pretensión de que ocupe el espacio abierto en el mercado de la lengua castellana entre la divulgación y la crítica científica. | ||
| 563 | _aRústica | ||
| 630 | 0 | 7 |
_aBiblia. _pAntiguo Testamento _xCrítica, interpretación, etc. |
| 630 | 0 | 7 |
_aBiblia. _pSalmos _xCrítica, interpretación, etc. |
| 856 |
_b854790 _uhttps://web.p.ebscohost.com/ehost/detail/detail?vid=18&sid=0e8bf949-c139-4091-b99a-e92ac765507e%40redis&bdata=Jmxhbmc9ZXMmc2l0ZT1laG9zdC1saXZl#AN=854790&db=nlebk _zAbrir Versión electrónica del libro Salmos 107 - 150 |
||
| 942 | _cEBK | ||
| 945 | _aJTF-925 | ||
| 999 |
_c69350 _d69350 |
||